Report on the administratio of the workmen's compensation act, 1923 (VIII of 1923), in the Central Provinces and Berar and Central Provinces States during 1948 (Record no. 503702)

000 -LEADER
fixed length control field 00441cam a22000977a 4500
008 - FIXED-LENGTH DATA ELEMENTS--GENERAL INFORMATION
fixed length control field 180718b1950 xxu||||| |||| 00| 0 eng d
082 ## - DEWEY DECIMAL CLASSIFICATION NUMBER
Classification number A45:R6603 MADH/1948
245 ## - TITLE STATEMENT
Title Report on the administratio of the workmen's compensation act, 1923 (VIII of 1923), in the Central Provinces and Berar and Central Provinces States during 1948
Statement of responsibility, etc. by Government of the Central Provinces and Berar
260 ## - PUBLICATION, DISTRIBUTION, ETC.
Place of publication, distribution, etc. Nagpur
Name of publisher, distributor, etc. Government Printing
Date of publication, distribution, etc. 1950
300 ## - PHYSICAL DESCRIPTION
Extent 9p.
Holdings
Withdrawn status Lost status Damaged status Not for loan Permanent Location Current Location Date acquired Full call number Barcode Date last seen Price effective from Koha item type
        Indian Institute of Public Administration Indian Institute of Public Administration 2018-08-04 A45:R6603 MADH/1948 GG32775 2018-08-04 2018-08-04 GG

Powered by Koha